000 00284nam a22001337a 4500
008 170511b xxu||||| |||| 00| 0 eng d
020 _a9780834210837
041 _aeng
080 _a343.9
100 _a15
101 _aSHJ
245 _aCRIMINAL LAW
_cBRODY, D.C
942 _2udc
_cBK
999 _c13212
_d13212